01155nab a22001697a 4500003000400000005001700004008004100021040000700062100002300069245017300092260007200265300001300337505040400350505008900754650001800843773012400861OSt20260122074101.0190502c xxu||||| |||| 00| 0 spa d cPJ aCrede, Natalia C. 10aAcerca de las ventajas institucionales y sociales de los programas de cumplimiento :bel inicio de un compromiso ético en el ámbito empresarial /cNatalia C. Crede. aCiudad Autónoma de Buenos Aires :bThomson Reuters La Ley,c2024. ap. 11-23 aSumario: I. Introducción.— II. Argentina: inicio hacia una cultura ética de los negocios. Ventajas en el aspecto social. Importancia de la adopción de programas de cumplimiento en el ámbito empresarial.— III. Minimización de los riesgos de responsabilidad de la empresa. Implicancias en el ámbito penal. Ventajas en el aspecto institucional.— IV. Conclusión.— V. Bibliografía t¿Te interesa el texto completo? Solicitalo al correo: koha@justierradelfuego.gov.ar 0aDERECHO PENAL0 02729dBuenos Aires : LexisNexis, 2006-tRevista de derecho penal y procesal penal. Nº 12 - Diciembre 2024z9875920622